01007 2200349 4500001002100000005001500021035002000036007000300056008004100059040001700100100002000117245011800137250001100255300003100266504002500297020002200322041000800344082001000352084001600362090002100378260003300399500003000432650001400462700002100476850001000497990002600507990002400533990002600557990002600583990002400609990002400633INLIS00000000000281620260530115033 a0010-0720000099ta260530 0  aSBPUPADbInd0 aBety Kristianto1 aGreat Mom Strong Son :bRahasia Mendidik Anak Laki-Laki Menjadi Pribadi Super /cBety Kristianto;Editor, Mayasari a.-Ed 1 a152 hlm. :bilus. ;c21 cm aBibliografi, 153 hlm a978-979-29-7174-307aInd a649.1 a649.1 BET g a649.1 BET g 15-4 a.--Yogyakarta :bAndi,c2018 aTentang Penulis, hlm. 157 4aparenting0 aEditor, Mayasari aPUPAD a34.323 a/DAK/DPK/2019 a34.646/DAK/DPK/2019 a34.321 a/DAK/DPK/2019 a34.322 a/DAK/DPK/2019 a34.645/DAK/DPK/2019 a34.329/DAK/DPK/2019